000 00453nam a2200193Ia 4500
005 20240823020203.0
008 240823s9999||||xx |||||||||||||| ||und||
020 _a81 87328 00 2
041 _aENGLISH
082 _A420 N9
100 _aLakshminarayan.K.R
245 0 _aEnglish for Technical Communication
250 _a1st
260 _c1999
_bScitech Ch
_aChennai
500 _aYES
650 _aENG
_bEnglish
942 _cBK
999 _c174165
_d174165